Countries by Greatest Minimum Distance to the Ocean - Statistics

General Stats
  • This quiz has been taken 113 times
  • The average score is 14 of 16
Answer Stats
Distance Country % Correct
465 Chad
95%
787 Tajikistan
94%
728 Uzbekistan
94%
346 Kazakhstan
93%
976 Kyrgyzstan
93%
402 Mongolia
91%
550 Turkmenistan
89%
347 Central African Republic
88%
303 Nepal
85%
579 Burundi
84%
363 Niger
83%
598 Rwanda
83%
315 Paraguay
78%
475 South Sudan
76%
462 Uganda
75%
370 Zambia
69%
No matching quizzes found
Score Distribution
Percent of People with Each Score
Percentile by Number Answered
Your Score History
You have not taken this quiz